[Event "SA Candidates"]
[Site "Adelaide"]
[Date "2002.02.26"]
[Round "3.6"]
[White "Wright, Bruce"]
[Black "Schoech, Franz"]
[Result "1-0"]
[WhiteElo "1442"]
[BlackElo "1197"]
[Annotator "Fritz 7 - Anderson-Smith,W"]
[PlyCount "72"]
[EventDate "2002.02.12"]
[EventType "swiss"]
[EventRounds "7"]
[EventCountry "AUS"]

{B01: Scandinavian Defence} 1. e4 d5 2. exd5 Qxd5 (2... Nf6 3. d4 Nxd5 4. Nf3
g6 5. c4 Nf6 6. Nc3 Bg7 7. h3 O-O 8. Be3 c6 9. Qd2 Nbd7 10. Be2 Re8 11. Rd1 Qa5
12. O-O a6 13. a3 Qd8 14. Qc1 b6 15. Ne5 Bb7 16. c5 Qc7 17. Bf4 Qc8 18. Bc4
Nxe5 19. dxe5 Nd5 20. Bxd5 cxd5 21. cxb6 Qe6 22. Qe3 Rac8 23. Rfe1 Red8 24. Qd4
h6 25. b3 g5 26. Bg3 Qc6 27. Rc1 e6 28. h4 Qc5 29. Qxc5 Rxc5 30. Na4 Rb5 31.
Rc7 gxh4 32. Bxh4 Rb8 33. Re3 d4 34. Rg3 Kh8 35. Rxf7 Bxe5 36. f4 Rg8 37. Rxb7
Rxg3 38. Bxg3 Bd6 39. Rd7 Bxa3 40. b7 d3 41. f5 exf5 42. b8=Q+ Rxb8 43. Be5+
Kg8 44. Bxb8 d2 45. Kf1 {1-0 Tal,M-Bronstein,D/Moscow 1967/MCL (45)}) 3. c4 $2
(3. Nc3 Qd6 (3... Qa5 4. d4 c6 5. Bc4 Bf5 6. Nf3 Nf6 7. Bd2 e6 8. Ne4 Qc7 9.
Nxf6+ gxf6 10. Nh4 Bg6 11. Qe2 Nd7 12. O-O-O O-O-O 13. c3 c5 14. d5 Nb6 15.
Nxg6 hxg6 16. dxe6 Rxd2 17. Rxd2 Bh6 18. Rhd1 fxe6 19. Qxe6+ Kb8 20. g3 Bxd2+
21. Rxd2 Nxc4 22. Qxc4 Re8 23. h4 f5 24. Qd5 a5 25. Kd1 a4 26. Qd6 a3 27. bxa3
Re4 28. Qxc7+ Kxc7 29. Re2 Ra4 30. Re7+ Kd6 31. Rxb7 Rxa3 32. Rb6+ Kd5 33. Rxg6
Rxa2 34. Ke1 Ke4 35. Re6+ Kf3 36. Re5 f4 37. Rxc5 Re2+ 38. Kd1 Rxf2 39. gxf4
Kxf4 40. h5 Rh2 41. Rd5 Ke3 42. Kc1 Ke4 43. c4 Ke3 44. h6 Rxh6 45. Kc2 Ke4 46.
Kc3 Rc6 47. Rh5 Ra6 48. Kb4 Ra1 49. c5 Kd4 50. c6 {
1-0 Psakhis,L-Gausel,E/Ohrid 2001/CBM 84 (50)}) 4. d4 Nf6 5. Nb5 Qb6 6. c4 c6
7. Nc3 e5 8. dxe5 Ng4 9. Qe2 Bc5 10. Ne4 O-O 11. Nxc5 Qxc5 12. f4 Qb4+ 13. Qd2
Na6 14. a3 Qa4 15. Ne2 Be6 16. Nc3 Qb3 17. Qd1 Nc5 18. Qf3 Qc2 19. Be2 Rad8 20.
O-O Nb3 21. f5 Nxe5 22. Qg3 Nxa1 23. Qxe5 Bc8 24. f6 Rfe8 25. Qf4 Rxe2 26. Qg5
Rxg2+ 27. Qxg2 Qxg2+ 28. Kxg2 Nb3 29. Be3 Rd3 30. Re1 Be6 31. fxg7 Kxg7 32. Kf2
Bxc4 33. Ne4 f6 34. Bxa7 Bd5 35. Rg1+ Kf7 36. Nd6+ Ke6 37. Nxb7 Rd2+ 38. Kg3
Rxb2 39. Nc5+ Kf5 40. Rf1+ Kg6 41. Nd3 Ra2 42. Nf4+ Kf7 43. Nxd5 cxd5 44. Rf3
Nd2 45. Rd3 Ke6 46. Kf4 Nc4 47. Rh3 Rxa3 48. Rxh7 Ne5 49. Re7+ Kd6 {
0-1 Khruschiov,A-Sulava,N/Ohrid 2001/CBM 84 (49)}) 3... Qd8 4. d4 Nf6 5. Nf3
Bf5 6. Bd3 $146 (6. Be2 e6 7. O-O c6 (7... Be7 8. Nc3 Ne4 9. Qb3 b6 10. Rd1
Nxc3 11. Qxc3 O-O 12. Ne5 Be4 13. Bf3 Bxf3 14. Qxf3 Nd7 15. Nc6 Qe8 16. b4 a6
17. a4 Kh8 18. Bb2 Bf6 19. b5 Rg8 20. Nb4 a5 21. Nc6 Nf8 22. Ba3 {
Vogt,L-Schinzel,W/Polanica Zdroj 1977/MCD/1-0 (51)}) 8. Qb3 Qc7 9. Bf4 Qxf4 10.
Qxb7 Be7 11. Qxa8 Qc7 12. Ne5 O-O 13. Bf3 Be4 14. Bxe4 Nxe4 15. Re1 Nf6 16. d5
exd5 17. cxd5 Nxd5 18. Nc3 Nb6 19. Nb5 Nxa8 20. Nxc7 Nxc7 {
Hoepfl,T-Kaspar,W/Passau 1998/EXT 99/1-0 (52)}) (6. Nc3 e6 7. Bg5 Be7 8. Be2
O-O 9. O-O c6 10. Re1 Re8 11. Qb3 Qc7 12. Rad1 Nbd7 13. h3 Rad8 14. Nh4 Bg6 15.
Nxg6 hxg6 16. Bf3 Nf8 17. Qc2 c5 18. Bxf6 Bxf6 19. d5 Bxc3 20. Qxc3 exd5 {
Rozgic,M-Lindner,H/Kassel 1996/EXT 98/1-0 (58)}) 6... Bg4 7. Be3 e6 {Secures f5
} 8. O-O Be7 9. Nbd2 c6 10. Qc2 Nbd7 11. Ng5 {Now all is on h7} Nf8 12. Nge4
N8d7 13. Bf4 c5 14. dxc5 Bxc5 (14... Nxc5 15. Nxc5 Bxc5 16. Ne4 Nxe4 17. Bxe4
$16) 15. Nd6+ ({Instead of} 15. Nxc5 Nxc5 16. Be4 Be2 $11) 15... Kf8 16. Nxb7
Qe7 17. Nb3 e5 18. Rfe1 (18. N3xc5 Nxc5 19. Nxc5 Qxc5 $18) 18... Bd6 (18... Bb4
$5 19. Bd2 Rc8 $16) 19. Nxd6 Qxd6 20. Be3 a5 21. c5 Qc6 22. a4 Be6 23. Bb5 Qc7
24. c6 Nb6 $2 (24... Kg8 25. Nxa5 Qxa5 26. cxd7 Bxd7 27. Bxd7 Nxd7 28. Reb1 $18
) 25. Bc5+ (25. Qc5+ $142 $5 {makes it even easier for White} Kg8 26. Qxb6 Qxb6
27. Bxb6 Bxb3 $18) 25... Kg8 26. Bxb6 Qxb6 27. Rxe5 Ng4 (27... Qc7 28. Rae1 $18
) 28. Re2 (28. Rxe6 {and White can already relax} fxe6 29. Qe2 Qxf2+ 30. Qxf2
Nxf2 31. Kxf2 Kf7 $18) 28... g6 (28... Qc7 29. g3 Ne5 $18) 29. h3 Nf6 30. Nc5
Bf5 31. Qc4 Kg7 (31... Rd8 {desperation} 32. Rae1 Kg7 $18) 32. g4 Bxg4 (32...
Rhe8 {is not the saving move} 33. Rxe8 Nxe8 34. Qd4+ Kg8 35. gxf5 $18) 33. hxg4
Rhe8 (33... Rhf8 {does not solve anything} 34. Re7 Ra7 35. g5 $18) 34. Rxe8
Rxe8 35. g5 Ng8 (35... Ng4 {what else?} 36. c7 $1 {Clearance to allow b5-d7}
Rf8 $18) 36. Qd4+ Kf8 1-0

[Event "SA Candidates"]
[Site "Adelaide"]
[Date "2002.02.26"]
[Round "3.7"]
[White "Driscoll, Adrian"]
[Black "Heitmann, Syam"]
[Result "0-1"]
[WhiteElo "1527"]
[BlackElo "1244"]
[Annotator "Fritz 7 - Anderson-Smith,W"]
[PlyCount "78"]
[EventDate "2002.02.12"]
[EventType "swiss"]
[EventRounds "7"]
[EventCountry "AUS"]

{D85: Exchange Grünfeld: Unusual White 7th moves and lines with 7 Nf3} 1. d4
Nf6 2. c4 g6 3. Nc3 d5 4. cxd5 Nxd5 5. e4 Nxc3 6. bxc3 Bg7 7. Be3 (7. Nf3 c5 8.
Be3 Qa5 9. Qd2 Nc6 10. Rc1 cxd4 11. cxd4 Qxd2+ 12. Kxd2 O-O 13. d5 Rd8 14. Ke1
Na5 (14... Nb4 15. Bd2 Na6 16. Bxa6 bxa6 17. Bb4 Rb8 18. a3 f5 19. Bxe7 Re8 20.
d6 fxe4 21. Nd2 Bf5 22. h3 Bh6 23. g4 Be6 24. Rc7 Bd5 25. Rg1 e3 26. fxe3 Bxe3
27. Rg3 Bf4 28. Kf2 Bxd2 29. Rd3 Ba5 30. Rc5 Be4 31. Re3 Bb6 32. d7 Rxe7 33.
Rc8+ Kg7 34. Rxb8 Bxe3+ 35. Kxe3 Bc6+ {
0-1 Zlochevskij,A-Yegiazarian,A/Ohrid 2001/CBM 84 (35)}) 15. Bg5 Bd7 16. Bd3
Rdc8 17. Ke2 e6 18. Be3 exd5 19. exd5 Rd8 20. Rc5 b6 21. Rc7 Bg4 22. h3 Bxf3+
23. gxf3 Be5 24. Rc2 f5 25. f4 Bf6 26. Rd1 Rd6 27. Ba6 Kg7 28. Rc7+ Kh6 29. Bc1
Re8+ 30. Kf3 Re7 31. Rxe7 Bxe7 32. Ba3 Rxd5 33. Rxd5 Bxa3 34. Rd7 Nc6 35. Bb5
Ne7 36. Rxa7 Bc5 37. a4 Kg7 38. Rc7 Bd6 39. Rd7 Bc5 40. Ke2 Kh6 41. Kd3 Ng8 42.
Rf7 Bxf2 43. Bc4 Bg1 44. Ke2 {
1-0 Sokolov,I-Krasenkow,M/Dos Hermanas 2001/CBM 83 (44)}) 7... c5 8. Qd2 Nc6 (
8... Qa5 9. Rb1 b6 10. Nf3 (10. Bb5+ Bd7 11. Be2 Bc6 12. Bd3 Nd7 13. Nf3 Nf6
14. d5 Nxd5 15. exd5 Bxc3 16. dxc6 O-O 17. O-O Bxd2 18. Bxd2 Qxa2 19. Bh6 Rfd8
20. Ne5 Qe6 21. Rfe1 Rxd3 22. Nxd3 Qxc6 23. Rxe7 Rd8 24. Nf4 Qf6 25. Rxa7 Qh4
26. g3 Qxh6 27. h4 Rd4 28. Rxb6 Rxf4 29. gxf4 Qxf4 30. Rb3 Qxh4 31. Rc7 Qd4 32.
Rb8+ Kg7 33. Rbc8 Qg4+ 34. Kh2 Qh4+ 35. Kg2 Qg4+ 36. Kf1 Qc4+ 37. Kg1 h5 38.
Rxc5 Qg4+ 39. Kf1 h4 40. Rc4 Qd1+ 41. Kg2 Qd5+ 42. Kh2 Qf3 43. Rc3 Qxf2+ 44.
Kh3 g5 45. R8c5 Kg6 46. Rc8 f6 47. Rg8+ Kf5 {
0-1 Sherbakov,R-Vorobiov,E/Moscow 1999/CBM 75 (47)}) 10... O-O 11. Rc1 cxd4 12.
cxd4 Qxd2+ 13. Kxd2 e6 14. Bd3 Ba6 15. a4 Bxd3 16. Kxd3 Na6 17. Rc4 Rfd8 18.
Ke2 Rac8 19. Rhc1 Rxc4 20. Rxc4 h6 21. Ne1 Kf8 22. Nc2 Ke7 23. Na3 Nb8 24. Bf4
Nd7 25. Nb5 e5 26. dxe5 Nc5 27. Be3 Bxe5 28. Bxc5+ bxc5 29. Rxc5 Bb8 30. Rc6
Rd7 31. g3 h5 32. h3 Rb7 33. Ke3 Kd7 34. Ra6 Ke7 35. f4 Kd7 36. e5 Ke7 37. Ke4
Kf8 38. Kd5 Ke7 39. Rc6 Rd7+ 40. Ke4 Rb7 41. g4 hxg4 42. hxg4 Kd7 43. Rf6 Ke7
44. g5 Kf8 45. Kd5 Ke7 46. Nd6 Bxd6 47. exd6+ Kd8 48. f5 gxf5 49. g6 {
1-0 Sretenskij,N-Beshukov,S/Moscow 1999/CBM 70 (49)}) 9. d5 $146 {
White gets more space} (9. Rd1 Qa5 10. Bc4 O-O 11. Ne2 cxd4 12. cxd4 Qxd2+ 13.
Rxd2 Na5 14. Bd3 Bd7 15. Rb2 b6 16. Kd2 Rac8 17. Rc1 Rxc1 18. Kxc1 Rc8+ 19. Rc2
Rxc2+ 20. Kxc2 Nc6 21. Kc3 Kf8 22. Bc4 Ke8 23. Bc1 e6 {
Babu,N-Najdoski,T/Calcutta 2000/CBM 74 ext/1/2-1/2 (40)}) 9... Ne5 (9... Qa5 $5
{should be examined more closely} 10. Rc1 Ne5 $11) 10. Bxc5 $16 Qc7 11. Bd4 O-O
12. Rc1 Rd8 13. h3 (13. c4 Bd7 $16) 13... e6 14. Be2 (14. c4 $142 $5 $14 {
is an interesting idea}) 14... exd5 $15 15. exd5 Rxd5 16. Nf3 Nc4 {
A valuable piece} 17. Qd1 Bf5 18. Qb3 (18. O-O $142 $5 $15 {
is worth consideration}) 18... Re8 $17 19. Qd1 $4 {
the final mistake, not that it matters anymore} (19. Rd1 Qc6 20. a4 Ra5 $17)
19... Bh6 (19... Nb2 $142 {keeps an even firmer grip} 20. Qb3 Nd3+ 21. Kf1 Rxd4
22. Bxd3 Rxd3 23. Qa4 $19) 20. Ra1 $4 {
but even a better move would not have saved the game} (20. O-O $142 Bxc1 21.
Bxc4 Qxc4 22. Qxc1 $19) 20... Nb2 21. Qb3 (21. O-O {does not improve anything}
Nxd1 22. Bxd1 $19) 21... Bd3 (21... Rxe2+ $142 {
and the rest is a matter of technique} 22. Kf1 Bd3 23. Qxd5 Re5+ 24. Kg1 Rxd5
25. Re1 $19) 22. Qxb2 $4 (22. O-O $142 {
this is the best bet to save the position} Rb5 23. Qxb5 Bxb5 24. Bxb5 $15)
22... Rxe2+ $19 23. Qxe2 Bxe2 24. Kxe2 Qc4+ 25. Kd1 (25. Ke1 {
cannot undo what has already been done} Rd6 26. Rd1 Re6+ 27. Be3 Qxc3+ 28. Kf1
Qc4+ 29. Kg1 Rxe3 30. fxe3 Bxe3+ 31. Kh2 Bf4+ 32. Kg1 Qc2 33. Rd8+ Kg7 $19)
25... Qd3+ (25... Rb5 26. a3 Rb2 27. Nd2 Rxd2+ 28. Kc1 Qb3 29. Ra2 Rd1#) 26.
Ke1 $19 Rd7 (26... Rb5 {seems even better} 27. Rd1 Rb1 28. Rxb1 Qxb1+ 29. Ke2
Qxh1 30. Ne1 $19) 27. Rd1 Re7+ 28. Ne5 Rxe5+ $1 {a convincing end} 29. Bxe5
Qe4+ {A double attack} 30. Kf1 Qxe5 31. c4 (31. h4 {does not solve anything}
Qxc3 32. Rh3 Qc4+ 33. Rhd3 Qxa2 $19) 31... Qc3 32. g3 Qxc4+ 33. Kg2 Qxa2 34.
Rd7 (34. Ra1 {does not help much} Qd5+ 35. Kh2 Qd2 $19) 34... Be3 35. Rf1 b5
36. Re7 Bb6 37. Kf3 (37. Rd7 {cannot undo what has already been done} a5 $19)
37... b4 (37... Qd5+ $142 {might be the shorter path} 38. Ke2 Qc4+ 39. Kf3 Qxf1
40. Re3 $19) 38. Re2 (38. Re5 $19 {a last effort to resist the inevitable})
38... Qd5+ 39. Kf4 (39. Re4 {cannot change what is in store for ?} f5 40. Kg2
Qxe4+ 41. Kg1 Qf3 42. Kh2 Bxf2 43. Rg1 Bxg1+ 44. Kxg1 b3 45. h4 b2 46. Kh2 b1=Q
47. Kh3 Qbh1#) 39... Qf5# 0-1

[Event "SA Candidates"]
[Site "Adelaide"]
[Date "2002.03.05"]
[Round "4.1"]
[White "Amini, Amir"]
[Black "Oks, Oliver"]
[Result "0-1"]
[WhiteElo "1644"]
[BlackElo "1804"]
[Annotator "Fritz 7 - Anderson-Smith,W"]
[PlyCount "96"]
[EventDate "2002.02.12"]
[EventType "swiss"]
[EventRounds "7"]
[EventCountry "AUS"]

{A56: Czech Benoni} 1. d4 Nf6 2. c4 c5 3. dxc5 e6 4. Nc3 (4. a3 Bxc5 5. e3 O-O
6. Nf3 b6 (6... d5 7. b4 Be7 8. Nbd2 a5 9. b5 b6 10. Bb2 Bb7 11. Be2 Nbd7 12.
O-O Rc8 13. Rc1 Re8 14. Qc2 e5 15. Qb1 Bc5 16. cxd5 Bxd5 17. Bc4 Qe7 18. Bxd5
Nxd5 19. Qa2 N5f6 20. Nc4 e4 21. Nd4 Ng4 22. Nf5 Qg5 23. Ncd6 Nde5 24. h3 Bxd6
25. Rxc8 Rxc8 26. Nxd6 Nxe3 27. fxe3 Rc2 28. Rf2 Rxf2 29. Kxf2 Qf6+ 30. Kg1
Qxd6 31. Bxe5 Qxe5 32. Qc4 g6 33. Qc6 Qe6 34. Qxe6 fxe6 35. a4 Kf7 36. Kf2 Kf6
37. Ke2 Kg5 38. g3 Kf5 39. Kd2 Ke5 40. Kc3 Kd5 41. Kb3 h5 42. Kc3 {
1/2-1/2 Yakovich,Y-Tseshkovsky,V/Kiev 1986/URS-ch (42)}) 7. Nc3 Bb7 8. Bd3 d5
9. cxd5 exd5 10. O-O Nbd7 11. b4 Bd6 12. Nb5 Bb8 13. Bb2 a6 14. Nbd4 Ne5 15.
Rc1 Qd6 16. g3 Nxd3 17. Qxd3 g6 18. b5 Ne4 {
Jiretorn,E-Buervenich,S/Skelleftea 2000/EXT 2001/1/2-1/2 (41)}) 4... Bxc5 5. e4
(5. Nf3 O-O 6. e3 b6 (6... Nc6 7. a3 d5 8. b4 Bd6 9. Bb2 Qe7 10. Qb3 Rd8 11.
Rd1 a6 12. Bd3 dxc4 13. Qxc4 Bd7 14. Qh4 h6 15. g4 Ne5 16. Nxe5 Bxe5 17. f4
Bxc3+ 18. Bxc3 Ba4 19. Bxf6 Qxf6 20. Qxf6 gxf6 21. Rd2 Rdc8 22. Be4 Rc3 23. Rd3
Rc7 24. Rd6 Rc3 25. Rd3 Rac8 26. Rxc3 Rxc3 27. Kf2 b6 28. Ra1 e5 29. fxe5 fxe5
30. Ke2 Kg7 31. h3 a5 32. Kd2 Rb3 33. bxa5 bxa5 34. Ra2 Rb6 35. Ra1 Rb2+ 36.
Kc3 Re2 37. Kc4 Rxe3 38. Kd5 Bb3+ 39. Kxe5 Bc2 40. Kd4 Rxe4+ {
0-1 Hansen,L-Ivanchuk,V/Arnhem 1987/EXT 97 (40)}) 7. Be2 Bb7 8. a3 d5 9. b4 Be7
10. Bb2 Nbd7 11. O-O dxc4 12. Bxc4 Qc7 13. Qe2 Ng4 14. Nb5 Qb8 15. Nbd4 Bf6 16.
h3 Nge5 17. Nxe5 Nxe5 18. Ba2 Ng6 19. Rac1 Rc8 {
Bohm,H-Ree,H/Leeuwarden 1979/MCD/0-1 (33)}) 5... Nc6 6. Be2 Qb6 $146 (6... d5
7. exd5 exd5 8. cxd5 Nb4 9. Nf3 O-O 10. Bg5 Nbxd5 11. Nxd5 Qxd5 12. Bxf6 Qxd1+
13. Rxd1 gxf6 14. O-O Be6 15. a3 Rfd8 16. b4 Bb6 17. Bd3 Rac8 18. Be4 Rc3 19.
Rxd8+ Bxd8 20. Nd4 Rxa3 21. Nxe6 {
Mueller,S-Blodig,R/Bayern 1989/EXT 97/1/2-1/2 (41)}) 7. Nh3 d5 8. Na4 (8. cxd5
$5 {is worth looking at} exd5 9. exd5 Bxh3 10. O-O $11) 8... Qa5+ $17 9. Bd2
Bb4 10. Nc3 d4 11. Nb5 (11. Nb1 $5 $17) 11... Nxe4 $19 12. Bxb4 Qxb4+ (12...
Nxb4 $6 13. O-O O-O 14. a3 $11) 13. Kf1 O-O 14. Qc2 Nf6 (14... f5 15. Nf4 $19)
15. Rd1 (15. c5 b6 16. cxb6 Bd7 $17) 15... e5 $19 16. Ng5 (16. Nc7 Bxh3 17.
Nxa8 e4 $19) 16... Qe7 17. f4 (17. c5 $142 Nb4 18. Qc4 $19) 17... a6 18. fxe5
axb5 19. exf6 Qxf6+ 20. Nf3 bxc4 21. Bxc4 Bf5 22. Qf2 Be6 23. b3 Bxc4+ 24. bxc4
Rfd8 25. g3 (25. Qb2 Qf5 $19) 25... Qe6 (25... Rxa2 26. Rd2 Qxf3 27. Qxf3 Rxd2
28. Qa3 Rd1+ 29. Kg2 Rxh1 30. Kxh1 $19) 26. Qe2 Qxe2+ 27. Kxe2 Rxa2+ 28. Rd2
Re8+ 29. Kf2 Rxd2+ 30. Nxd2 d3 31. Re1 Rxe1 32. Kxe1 Ne5 33. c5 Kf8 34. Ne4 (
34. Kf2 Ke7 35. Ke3 Kd7 $19) 34... Nc4 (34... Ke7 $142 $5 {
makes it even easier for Black} 35. Kd2 Kd7 36. g4 $19) 35. Nf2 Ne5 $4 {
with this move Black loses his initiative} (35... d2+ $142 36. Ke2 Ke7 $19) 36.
Ne4 Ke7 37. Nd6 b6 38. Nc8+ Kd7 39. Nxb6+ Kc6 40. Na4 Kb5 41. c6 Kxc6 (41...
Kxa4 $4 {Black must leave the knight standing} 42. c7 $18) 42. Kd2 (42. Kd1 {
a fruitless try to alter the course of the game} f5 $19) 42... Kb5 43. Nb2 Nc4+
44. Nxc4 (44. Kxd3 {is the last straw} Nxb2+ 45. Kd4 $19) 44... Kxc4 45. h4 Kd4
46. g4 h6 47. g5 hxg5 48. hxg5 g6 (48... g6 49. Kd1 Ke3 $19) (48... Kc4 49. Ke3
g6 50. Kd2 Kd4 51. Kd1 Ke3 52. Ke1 Kf4 53. Kd2 Kxg5 54. Kxd3 Kf4 55. Kd4 g5 56.
Kd5 g4 57. Kc6 g3 58. Kd6 Ke4 59. Ke7 g2 60. Kd8 g1=Q 61. Ke7 Qa7+ 62. Kd6 Qb6+
63. Kd7 Ke5 64. Ke7 Qc7+ 65. Kf8 Kf6 66. Kg8 Qg3+ 67. Kf8 Qb8#) 0-1

[Event "SA Candidates"]
[Site "Adelaide"]
[Date "2002.03.05"]
[Round "4.2"]
[White "Peake, Michael"]
[Black "Lai, Andrew"]
[Result "1/2-1/2"]
[WhiteElo "1530"]
[BlackElo "1447"]
[Annotator "Fritz 7 - Anderson-Smith,W"]
[PlyCount "112"]
[EventDate "2002.02.12"]
[EventType "swiss"]
[EventRounds "7"]
[EventCountry "AUS"]

{B40: Sicilian: 2...e6, Unusual lines} 1. e4 c5 2. Nf3 e6 3. d4 cxd4 4. Nxd4
Nf6 5. Nc3 Bb4 6. Bd2 (6. f3 Nh5 7. Nde2 Nc6 8. Be3 Qa5 9. a3 Be7 10. Nd4 Nxd4
11. Bxd4 e5 12. b4 Qc7 13. Nd5 Qd8 14. Bxe5 Bf6 15. Bc7 {
1-0 Stock,H-Meyts,J/Gladenbach 1999/EXT 2001 (15)}) (6. e5 Nd5 7. Bd2 (7. Qg4
O-O 8. Bh6 g6 9. Bxf8 Qxf8 10. Qg3 Nc6 11. Nxc6 bxc6 12. a3 Ba5 13. b4 Bc7 14.
Nxd5 cxd5 15. Qc3 Bb6 16. Bd3 Bb7 17. O-O Rc8 18. Qb2 Qg7 19. Kh1 d6 20. Rae1
dxe5 21. Rxe5 Qf6 22. f3 Be3 23. g3 Bb6 24. f4 Be3 25. h4 Rc7 26. Kh2 Bd2 27.
c4 dxc4 28. Bxc4 Rxc4 29. Qxd2 Bd5 30. Rc1 Rxc1 31. Qxc1 Qd8 32. Re2 Qb6 33.
Qc8+ Kg7 34. Rc2 Qb5 35. Qc3+ Kh6 36. Rd2 Qa4 37. f5 gxf5 {
1-0 Bologan,V-Dimitrijevic,D/Philadelphia 1994/EXT 97 (37)}) 7... Nxc3 8. bxc3
Be7 9. Qg4 O-O 10. Bh6 g6 11. Bxf8 Bxf8 12. f4 d6 13. Bd3 Qa5 14. O-O Qxc3 15.
Nf3 Nc6 16. exd6 Bxd6 17. Ng5 Nb4 18. Rad1 Nd5 19. Kh1 Qg7 20. Qg3 Bc7 21. c4
Nf6 22. Ne4 Nh5 23. Qh4 Bd7 24. Qe7 f5 25. Qxg7+ Kxg7 26. Nc5 Bc8 27. Be2 Nf6
28. Bf3 Rb8 29. Rfe1 Kf7 30. Nd3 b6 31. g3 Bb7 32. Bxb7 Rxb7 33. c5 bxc5 34.
Nxc5 Rb2 35. Rb1 Rc2 36. Rec1 Rxa2 37. Rb7 Nd5 38. Nd3 Kf6 39. Nb4 Nxb4 40.
Rcxc7 Ra1+ 41. Kg2 Ra2+ 42. Kh3 g5 43. Rf7+ {
1-0 West,G-Kagan,M/Melbourne 1998/EXT 2001 (43)}) 6... Bxc3 7. Bxc3 Nxe4 8. Qf3
$146 (8. Qg4 Nxc3 9. Qxg7 Rf8 (9... Ke7 10. bxc3 Qg8 11. Qe5 Nc6 12. Nf5+ Ke8
13. Nd6+ Kf8 14. Qe3 Qg7 15. O-O-O f6 16. h4 b6 17. Rh3 h5 18. Rg3 Qh6 19.
Qxh6+ Rxh6 20. Nxc8 Rxc8 21. Rxd7 a5 22. Rb7 Ne5 23. Rxb6 f5 24. Kb2 Kf7 25.
Rb7+ Kf6 26. Rgg7 f4 27. g3 f3 28. Bd3 Rf8 29. Be4 Nc4+ 30. Kb3 Nd2+ {
0-1 Szumilo,B-Niepokorowicz,J/POL-ch (Women) 1978/EXT 98 (30)}) 10. bxc3 Nc6
11. Nb5 d5 12. Be2 a6 13. Nd4 Nxd4 14. Qxd4 Bd7 15. O-O Rg8 16. Bd3 Qg5 17. g3
h5 18. Rae1 h4 19. Re5 Qh6 20. c4 dxc4 21. Be4 Qf4 22. Rd1 Rd8 23. Rxe6+ {
1-0 Dvoirys,S-Van Laatum,G/Groningen 1994/CBM 45 ext (23)}) (8. Bb4 a6 9. Bd3
Nf6 10. Bc4 d5 11. Bd3 Nc6 12. Nxc6 bxc6 13. O-O Rb8 14. Qd2 Qc7 15. h3 c5 16.
Ba3 O-O 17. b3 Bb7 18. Be2 Rfe8 19. Bb2 e5 20. f3 Qc6 21. Rac1 Rbd8 22. c3 e4 {
Bonatz,M-Jungmann,D/Strelasund 1997/EXT 2001/0-1 (80)}) (8. Qg4 Nxc3 9. Qxg7
Rf8 10. bxc3 d5 $14) 8... Nxc3 9. Qxc3 O-O (9... a6 10. Bd3 $15) 10. O-O-O (10.
Nb5 Na6 11. Nd6 Nc7 $11) 10... Qf6 (10... d5 11. Kb1 $17) 11. Qg3 (11. Nb5 Qxc3
(11... Qxf2 $143 12. Nc7 b6 13. Nxa8 $16) 12. bxc3 Na6 $15) 11... Nc6 12. Nxc6
bxc6 13. Bd3 (13. Rd6 a5 $15) 13... e5 14. h4 (14. Rhe1 d6 $17) 14... d5 15.
Qg5 Qxg5+ 16. hxg5 e4 17. Be2 Bf5 18. c4 Rac8 19. Rd4 Be6 20. c5 a5 21. f3 Bf5
22. Kd2 (22. g4 exf3 23. Ba6 Ra8 24. gxf5 Rxa6 $17) 22... Rb8 23. b3 Rb4 24.
Kc3 exf3 25. gxf3 Re8 26. Rd2 (26. Rxb4 $5 axb4+ 27. Kd2 $17) 26... Re3+ $19
27. Kb2 Kf8 28. Rc1 d4 (28... Rh4 $142 $5 29. Ba6 Rxf3 $19) 29. Rcd1 Rb8 30.
Ba6 d3 31. Bxd3 Rxf3 32. Bc4 a4 33. Rd6 axb3 34. axb3 Be4 35. Re1 (35. Ra1 f6
36. gxf6 Rxf6 $11) 35... Rf4 (35... Re8 36. b4 $15) 36. Rd4 Rf2+ 37. Re2 Rxe2+
38. Bxe2 Bd5 39. Bc4 Bxc4 40. Rxc4 Ke7 41. Re4+ Kd7 42. Kc3 Re8 43. Rd4+ Kc7
44. Rf4 Re7 45. Kd4 h6 (45... Kb7 46. Rh4 Rd7+ 47. Ke3 $17) 46. gxh6 $11 gxh6
47. Rf6 h5 48. Rh6 Rd7+ 49. Kc4 f6 50. Rxh5 Rf7 51. Rf5 Kd7 52. b4 Ke6 53. Rf1
f5 54. b5 cxb5+ $2 (54... Kd7 $142 $14 {is the best option Black has}) 55. Kxb5
$18 Rb7+ 56. Ka6 (56. Kc6 $142 $5 Rb4 57. Kc7 $18) 56... Rb2 $14 1/2-1/2

[Event "SA Candidates"]
[Site "Adelaide"]
[Date "2002.03.05"]
[Round "4.4"]
[White "Takos, Adam"]
[Black "Gibson, Gary"]
[Result "1-0"]
[WhiteElo "1525"]
[BlackElo "1643"]
[Annotator "Fritz 7 - Anderson-Smith,W"]
[PlyCount "39"]
[EventDate "2002.02.12"]
[EventType "swiss"]
[EventRounds "7"]
[EventCountry "AUS"]

{B07: Pirc Defence: Miscellaneous Systems} 1. e4 d6 2. d4 Nf6 3. Nc3 g6 4. f3 (
4. Be3 c6 5. Qd2 b5 6. f3 Bg7 7. Bh6 Bxh6 8. Qxh6 Qa5 9. Qd2 Nbd7 10. Bd3 e5
11. Nge2 Qb6 12. dxe5 dxe5 13. a4 b4 14. Nd1 a5 15. Ne3 Nc5 16. Nc4 Qc7 17. Qg5
Nfd7 18. Qh6 Ba6 19. b3 Nxd3+ 20. cxd3 Bxc4 21. dxc4 Nc5 22. Qe3 Ne6 23. O-O-O
O-O 24. g3 Rad8 25. Kc2 Rxd1 26. Rxd1 Rd8 27. Rxd8+ Qxd8 28. Qa7 c5 29. f4 exf4
30. gxf4 Nd4+ 31. Kd3 Nc6+ {
0-1 Tomorhuyag,N-Maciejewski,A/Bytom 1988/EXT 97 (31)}) 4... Bg7 5. Be3 c6 6.
Qd2 h6 (6... b5 7. Bd3 (7. O-O-O Nbd7 8. Bh6 Bxh6 9. Qxh6 e5 10. Kb1 a6 11.
Nge2 Qe7 12. a3 Bb7 13. Nc1 O-O-O 14. Nb3 Nb6 15. Na5 Ba8 16. g3 Kb8 17. Bh3
exd4 18. Rxd4 c5 19. Rdd1 d5 20. Rhe1 dxe4 21. Qf4+ Ka7 22. fxe4 Rxd1+ 23. Rxd1
b4 24. Rd7+ {1-0 Golubovic,B-Reizniece,D/Cappelle la Grande 1999/EXT 2000 (24)}
) 7... Nbd7 8. a3 O-O 9. g4 e5 10. Nge2 Re8 11. g5 Nh5 12. d5 cxd5 13. Nxd5 a6
14. Nec3 Nc5 15. O-O-O Bb7 16. Bf1 Rc8 17. Bh3 Ne6 18. Bb6 Qd7 19. Bg4 Nhf4 20.
h4 b4 21. Nxb4 Rxc3 22. bxc3 Qa4 23. Bxe6 Qxa3+ 24. Kb1 Rxe6 25. Qe3 a5 26. Nd5
Bxd5 27. exd5 e4 28. dxe6 Bxc3 29. Qxc3 Qxc3 30. e7 Qb4+ 31. Ka2 Qa4+ 32. Kb2
Qb4+ {1/2-1/2 Speck,N-Reilly,T/Melbourne 1993/EXT 97 (32)}) 7. O-O-O (7. g4 b5
8. O-O-O b4 9. Nce2 a5 10. h4 h5 11. g5 Nh7 12. f4 Qb6 13. Bh3 O-O 14. f5 Re8
15. Nf4 Nf8 16. Kb1 a4 17. Nge2 Na6 18. e5 b3 19. cxb3 axb3 20. a3 dxe5 21.
dxe5 Qb5 22. e6 fxe6 23. fxg6 e5 24. Nc3 Qa5 25. Nxh5 Bxh3 26. Rxh3 Nb4 27.
Nxg7 Kxg7 28. h5 Ne6 29. h6+ Kg8 30. Qd7 {
1-0 Temuujin,H-Hoe Chew Ming,T/Shenyang 1999/EXT 2000 (30)}) 7... b5 $146 (7...
Be6 8. Nge2 Qa5 9. Nf4 Bxa2 10. Nxa2 Qxa2 11. Qc3 d5 12. e5 Nh5 13. Nxg6 Rg8
14. Bd3 Na6 15. Nh4 Bf8 16. g4 Ng7 17. Bxh6 e6 18. Bxa6 Qxa6 19. Kb1 Rc8 20.
Qd3 Qxd3 21. Rxd3 c5 22. dxc5 Rxc5 23. Be3 Ra5 24. Ng2 Nf5 25. Bd2 Rb5 26. Nf4
Nh4 27. Be1 Be7 28. Bxh4 Bxh4 29. Ng2 Bd8 30. h3 Bc7 31. f4 Rb4 32. Re1 b5 33.
b3 a5 34. Ka2 a4 35. bxa4 bxa4 36. Rb1 Rc4 37. c3 f6 38. exf6 Kf7 39. Rb4 Rxb4
40. cxb4 Bd6 41. g5 Rb8 42. h4 Rxb4 43. Rg3 Kg6 44. h5+ Kxh5 45. g6 {
1-0 Ek,H-Nilsson,Z/Falkoeping 1965/EXT 2001 (45)}) 8. Bd3 b4 {
Black should quickly conclude development.} 9. Nb1 (9. Nce2 Qb6 $14) 9... a5
10. e5 {White gets more space} (10. Ne2 $5 $11) 10... Nd5 $15 11. f4 Nxe3 12.
Qxe3 O-O 13. h4 Qb6 14. h5 dxe5 15. hxg6 (15. fxe5 $142 g5 16. Nf3 $14) 15...
f6 $4 {Black is ruining his position} (15... Qxd4 $142 {
would keep Black in the game} 16. gxf7+ Kh8 17. Qxd4 exd4 $14) 16. fxe5 fxe5 (
16... Be6 17. exf6 Rxf6 18. Rxh6 Nd7 $18) 17. Bc4+ e6 18. Rxh6 (18. Nf3 $142
Qd8 19. dxe5 $18 (19. Nxe5 $6 Qg5 20. Qxg5 hxg5 $18)) 18... exd4 $4 {
the position was bad, and this mistake simply hastens the end} (18... Bxh6 $142
19. Qxh6 Qc7 $18) 19. Qh3 (19. Bxe6+ Rf7 20. Bxf7+ Kf8 21. Qe8#) 19... c5 $4 (
19... Bxh6+ $142 {would be a reprieve} 20. Qxh6 Qc7 21. Rxd4 Qg7 $16) 20. Rh8+
$1 {Clearance to allow h3-h7} (20. Rh8+ Bxh8 21. Qh7#) 1-0